Normal view
MARC view
Entry Personal Name
001 - CONTROL NUMBER
- control field: 1169522
003 - CONTROL NUMBER IDENTIFIER
- control field: OSt
005 - DATE AND TIME OF LATEST TRANSACTION
- control field: 20260324123228.0
008 - FIXED-LENGTH DATA ELEMENTS
- fixed length control field: 260324|| aca||aabn | a|a d
040 ## - CATALOGING SOURCE
- Original cataloging agency: OSt
- Transcribing agency: OSt
100 ## - HEADING--PERSONAL NAME
- Personal name: B Ann Tlusty; Beat Kumin; Thomas E Brennan; David Hancock; Michelle McDonald
670 ## - SOURCE DATA FOUND
- Source citation: Work cat.: (OSt)1762851: B Ann Tlusty; Beat Kumin; Thomas E Brennan; David Hancock; Michelle McDonald, Public Drinking in the Early Modern World Vol 1
